| 000 | 00915cam a2200241 4500 | ||
|---|---|---|---|
| 001 | WB3906-14 | ||
| 008 | 030213n2003 000 0 eng u | ||
| 035 | _a(Sirsi) u121340 | ||
| 245 | _aHouse building statistics: fourth quarter 2002 | ||
| 260 | _c2003 | ||
| 490 |
_aNHBC News Release _v 29 January 2003 (1) |
||
| 520 | _aThe number of new homes built in the UK increased by 15% during the fourth quarter of 2002. National House Building Council (NHBC) figures show that 41 277 applications to build new homes were made during the fourth quarter, showing a 15% increase on the same period in 2001. http://www.nhbc.co.uk/main2.asp?page=press&subs=4q02&col=blue2 | ||
| 590 | _aWB | ||
| 650 | _aNHBC | ||
| 650 | _aNHBC | ||
| 650 | _aNEW HOUSING | ||
| 650 | _aPRIVATE HOUSING | ||
| 650 | _aHOUSING ASSOCIATIONS | ||
| 650 | _aSTATISTICS | ||
| 650 | _aHOUSE BUILDING | ||
| 690 | _aHOUSING | ||
| 942 | _n0 | ||
| 999 |
_c72108 _d72108 |
||